Out of the woods and into the blue (Record no. 62376)
[ view plain ]
| 000 -LEADER | |
|---|---|
| fixed length control field | 00719cam a2200205 4500 |
| 001 - CONTROL NUMBER | |
| control field | WB3605-37 |
| 008 - FIXED-LENGTH DATA ELEMENTS--GENERAL INFORMATION | |
| fixed length control field | 000000n2000 000 0 eng u |
| 035 ## - SYSTEM CONTROL NUMBER | |
| System control number | (Sirsi) u103924 |
| 245 ## - TITLE STATEMENT | |
| Title | Out of the woods and into the blue |
| 260 ## - PUBLICATION, DISTRIBUTION, ETC. | |
| Date of publication, distribution, etc. | 2000 |
| 490 ## - SERIES STATEMENT | |
| Series statement | Times Weekend |
| Volume/sequential designation | 29 January 2000, 17(2) |
| 520 ## - SUMMARY, ETC. | |
| Summary, etc. | Reports on the new trend in UK forestry, which will lead to forests containing trees of varying ages and a mixture of conifers and broadleaves. The change will leave trees to develop naturally and achieve their full size. |
| 590 ## - LOCAL NOTE (RLIN) | |
| Local note | WB |
| 650 ## - SUBJECT ADDED ENTRY--TOPICAL TERM | |
| Topical term or geographic name entry element | FORESTRY |
| 650 ## - SUBJECT ADDED ENTRY--TOPICAL TERM | |
| Topical term or geographic name entry element | CONIFERS |
| 650 ## - SUBJECT ADDED ENTRY--TOPICAL TERM | |
| Topical term or geographic name entry element | BROADLEAVES |
| 650 ## - SUBJECT ADDED ENTRY--TOPICAL TERM | |
| Topical term or geographic name entry element | NATURAL AREAS |
| 690 ## - LOCAL SUBJECT ADDED ENTRY--TOPICAL TERM (OCLC, RLIN) | |
| Topical term or geographic name as entry element | RURAL-AGRICULTURE AND FORESTRY |
| 942 ## - ADDED ENTRY ELEMENTS (KOHA) | |
| Suppress in OPAC | 0 |
| Withdrawn status | Lost status | Source of classification or shelving scheme | Damaged status | Not for loan | Home library | Current library | Shelving location | Date acquired | Total Checkouts | Full call number | Barcode | Date last seen | Copy number | Price effective from | Koha item type |
|---|---|---|---|---|---|---|---|---|---|---|---|---|---|---|---|
| Dewey Decimal Classification | London | London | News article | 01/02/2000 | WB3605-37 | 103924-1001 | 06/08/2019 | 1 | 06/08/2019 | News article |